[Event "TUR Cup"]
[Site "Antalya"]
[Date "2017.02.03"]
[Round "10"]
[White "Akyildiz, Alptug"]
[Black "Ergun, Berkcan"]
[Result "1-0"]
[WhiteElo "1545"]
[BlackElo "1239"]
[PlyCount "71"]
[EventDate "2017.01.28"]
[EventType "swiss"]
[EventRounds "11"]
[EventCountry "TUR"]
[SourceTitle "CBM 176 Extra"]
[Source "ChessBase"]
[SourceDate "2017.03.02"]
[SourceVersion "1"]
[SourceVersionDate "2017.03.02"]
[SourceQuality "1"]

1. f4 d5 2. Nf3 Nf6 3. e3 e6 4. b3 c5 5. Bb2 Be7 6. Bb5+ Bd7 7. Bxd7+ Nbxd7 8. 0-0 0-0 9. d3 a6 10. Nbd2 b5 11. Qe1 Re8 12. h3 Nf8 13. Ne5 Ng6 14. Ndf3 Bd6 15. Qg3 Nh5 16. Qf2 Bxe5 17. Nxe5 Qe7 18. g4 Nf6 19. Nf3 Nd7 20. Qg3 e5 21. fxe5 Ngxe5 22. Nxe5 Nxe5 23. Rae1 Ng6 24. Rf5 d4 25. e4 Nh4 26. Rf2 Rab8 27. Ref1 Ng6 28. Rxf7 Qxf7 29. Rxf7 Kxf7 30. Qc7+ Ne7 31. Qxc5 Red8 32. Bxd4 Rbc8 33. Qh5+ Ng6 34. Qf5+ Kg8 35. c3 Rf8 36. Qd7 1-0

[Event "TUR Cup"]
[Site "Antalya"]
[Date "2017.01.31"]
[Round "5"]
[White "Ergun, Berkcan"]
[Black "Altay, Servet Hakan"]
[Result "1/2-1/2"]
[WhiteElo "1239"]
[BlackElo "1328"]
[PlyCount "26"]
[EventDate "2017.01.28"]
[EventType "swiss"]
[EventRounds "11"]
[EventCountry "TUR"]
[SourceTitle "CBM 176 Extra"]
[Source "ChessBase"]
[SourceDate "2017.03.02"]
[SourceVersion "1"]
[SourceVersionDate "2017.03.02"]
[SourceQuality "1"]

1. e4 e5 2. d4 exd4 3. Qxd4 Nc6 4. Qe3 b6 5. Nc3 Bc5 6. Qg3 Nd4 7. Bd3 Ne6 8. Bd2 Ne7 9. f4 0-0 10. f5 Nd4 11. Bh6 Ng6 12. fxg6 gxh6 13. gxh7+ Kxh7 1/2-1/2

[Event "TUR-chT"]
[Site "Izmir"]
[Date "2016.07.26"]
[Round "2.6"]
[White "Ergun, Berkcan"]
[Black "Cannesar, Rad"]
[Result "1/2-1/2"]
[WhiteElo "1238"]
[BlackElo "1892"]
[PlyCount "71"]
[EventDate "2016.07.25"]
[EventType "team-swiss"]
[EventRounds "13"]
[EventCountry "TUR"]
[SourceTitle "CBM 173 Extra"]
[Source "ChessBase"]
[SourceDate "2016.08.29"]
[SourceVersion "1"]
[SourceVersionDate "2016.08.29"]
[SourceQuality "1"]
[WhiteTeam "Kocaeli Buyuksehir Belediyesi"]
[BlackTeam "Besiktas Jimnastik"]
[WhiteTeamCountry "TUR"]
[BlackTeamCountry "TUR"]

1. d4 d5 2. c4 e6 3. Nf3 Nf6 4. e3 Be7 5. Nc3 0-0 6. Be2 b6 7. 0-0 Bb7 8. Re1 Nbd7 9. a3 c5 10. dxc5 Nxc5 11. b4 Nce4 12. Nxe4 Nxe4 13. Bb2 Bf6 14. Bxf6 Qxf6 15. Qd4 Rac8 16. Qxf6 gxf6 17. cxd5 Bxd5 18. Nd4 Bb7 19. Bf3 Rc4 20. Rac1 Rfc8 21. Rxc4 Rxc4 22. Nb5 Rc2 23. Bxe4 Bxe4 24. Nxa7 Ra2 25. Nc8 b5 26. Na7 Bd3 27. Rc1 Rxa3 28. Nc6 Rb3 29. f3 Bc4 30. e4 Bd3 31. h3 Kf8 32. Kf2 f5 33. exf5 Bxf5 34. Rc5 Bd3 35. Ne5 Rb2+ 36. Kg1 1/2-1/2